[Event "7th Tan Chin Nam Cup"]
[Site "Shanghai CHN"]
[Date "2001.07.13"]
[Round "5"]
[White "Ye Jiangchuan"]
[Black "Krasenkow,M"]
[Result "1/2-1/2"]
[WhiteElo "2671"]
[BlackElo "2573"]

1.e4 c5 2.Nf3 Nc6 3.Nc3 e5 4.Bc4 Be7 5.d3 d6 6.Nd2 Bg5 7.Nf1 Bxc1 8.Rxc1 Nge7
9.Ne3 O-O 10.O-O Be6 11.f4 exf4 12.Rxf4 Ng6 13.Rf2 Nd4 14.Nf5 Ne5 15.Qf1 Qg5
16.Re1 g6 17.Ne3 Bxc4 18.dxc4 f5 19.exf5 gxf5 20.Nb5 Nxb5 21.cxb5 f4 22.Nd5 f3
23.Nc7 Ng4 24.Nxa8 Nxf2 25.Qxf2 fxg2 26.Qxg2 Qxg2+ 27.Kxg2 Rxa8 28.Re7 b6
29.Rd7 a6 30.bxa6 Rxa6 31.Rxd6 Rxa2 32.Rxb6 c4 33.c3 Ra1 34.Rb4 Rd1 35.Kf3 Rd2
36.h4 Rh2 37.Kg3 Re2 38.Kf4 Kg7 39.Rb6 h5 40.Kf5 Rg2 41.Rb7+ Kh6 42.Rb6+ Kg7
43.Re6 Rxb2 44.Re4 Rg2 45.Ke5 Kg6 46.Rxc4 Rg3 47.Rc6+ Kg7 48.Rc7+ Kg6 49.Rc4 Rh3
50.Ke6 Re3+ 51.Kd5 Rh3 52.Kc5 Kf5 53.Kb4 Ke6 54.Rf4 Ke5 55.Rd4 Rg3 56.Kc4 Ke6
57.Kb4 Ke5 58.Rc4 Kd6 59.Kb5 Rh3 60.Rc6+ Kd7 61.c4 Rxh4 62.Rh6 Rh1 63.Rh7+ Ke6
64.c5 Kf5 65.c6 Kg4 66.Rg7+ Kf4 67.Rf7+ Kg3 68.Rf5 Rb1+  1/2-1/2

[Event "Asian U20"]
[Site "Tehran IRI"]
[Date "2001.07.13"]
[Round "1"]
[White "Hasan,M"]
[Black "Moradiabadi,E"]
[Result "0-1"]
[WhiteElo "2024"]
[BlackElo "2404"]

1.e4 c5 2.Nc3 Nc6 3.Nf3 d6 4.d4 cxd4 5.Nxd4 Nf6 6.Bg5 Qa5 7.Bxf6 gxf6 8.f4 Rg8
9.g3 f5 10.Nb3 Qb6 11.Nd5 Qd8 12.Bd3 e6 13.Ne3 fxe4 14.Bxe4 Bg7 15.c3 d5
16.Bxh7 Rh8 17.Qc2 Qb6 18.Nxd5 exd5 19.O-O-O Be6 20.f5 Nb4 21.Qb1 Bh6+ 22.Rd2 Bxd2+
23.Nxd2 Bd7 24.f6 Nxa2+ 25.Qxa2 Rxh7 26.Qxd5 O-O-O 27.Nc4 Qc6  0-1

[Event "PanAm Junior"]
[Site "Yucay PER"]
[Date "2001.07.13"]
[Round "7"]
[White "Della Morte,P"]
[Black "Padilla,H"]
[Result "1-0"]
[WhiteElo "2187"]
[BlackElo "2186"]

1.e4 c5 2.Nf3 Nc6 3.Nc3 g6 4.d4 cxd4 5.Nxd4 Bg7 6.Be3 Nf6 7.Bc4 Qa5 8.O-O Qb4
9.Bb3 Nxe4 10.Nxe4 Nxd4 11.Bxf7+ Kxf7 12.Ng5+ Kg8 13.c3 Qxb2 14.Bxd4 Qb5
15.f4 Bxd4+ 16.cxd4 h6 17.Rb1 Qd5 18.Qd3 Qf5 19.Qb3+ Kg7 20.Rbe1 Qf6 21.Qb4 d6
22.Ne4 Qf7 23.d5 Re8 24.Qc3+ Kg8 25.f5 gxf5 26.Qe3 Qxd5 27.Nf6+ exf6 28.Qxe8+  1-0

[Event "SCCF State Ch"]
[Site "Los Angeles USA"]
[Date "2001.07.14"]
[Round "1"]
[White "Yee,K"]
[Black "Peters,Joh"]
[Result "1/2-1/2"]
[WhiteElo "2297"]
[BlackElo "2462"]

1.e4 c5 2.Nc3 Nc6 3.Bb5 Nd4 4.Nf3 Nf6 5.e5 Nxb5 6.Nxb5 Nd5 7.Ng5 f5 8.O-O e6
9.d4 cxd4 10.Qxd4 Be7 11.c4 Nb4 12.Qh4 a6 13.Nd6+ Bxd6 14.exd6 Qf6 15.Bd2 Nc6
16.Bc3 Qg6 17.f4 b5 18.b4 h6 19.a4 Bb7 20.axb5 axb5 21.Rxa8+ Bxa8 22.cxb5 O-O
23.Nf3 Na7 24.b6 Nb5 25.Be5 Rc8 26.Qe7 Qf7 27.Qxf7+ Kxf7 28.Ra1 Rb8 29.Ra6 Bb7
30.Ra5 Bxf3 31.Rxb5 Bc6  1/2-1/2

[Event "Asian U20"]
[Site "Tehran IRI"]
[Date "2001.07.14"]
[Round "2"]
[White "Al Sayed,Mohamad"]
[Black "Harikrishna,P"]
[Result "1/2-1/2"]
[WhiteElo "2299"]
[BlackElo "2522"]

1.e4 c5 2.Nf3 Nc6 3.Nc3 Nf6 4.Bb5 Nd4 5.e5 Nxb5 6.Nxb5 Nd5 7.Ng5 h6 8.Nxf7 Kxf7
9.Qf3+ Nf6 10.exf6 gxf6 11.Qh5+ Kg8 12.Qxc5 Kh7 13.c4 d6 14.Qh5 Bd7 15.d3 Rc8
16.Be3 a6 17.Nc3 Qe8 18.Qxe8 Bxe8 19.Kd2 e6 20.Bd4 Be7 21.Rae1  1/2-1/2

[Event "Lasker Mem Open"]
[Site "Barlinek CZE"]
[Date "2001.07.16"]
[Round "1"]
[White "Voitsekhovsky,S"]
[Black "Dobrowolski,A"]
[Result "1-0"]
[WhiteElo "2476"]
[BlackElo "2222"]

1.e4 c5 2.Nc3 Nc6 3.Bb5 Nd4 4.Bc4 d6 5.Nge2 Nxe2 6.Qxe2 Nf6 7.d3 e6 8.f4 Be7
9.e5 Nd7 10.exd6 Bxd6 11.Ne4 Be7 12.f5 O-O 13.fxe6 fxe6 14.Bxe6+ Kh8 15.Bd2 Ne5
16.Bxc8 Rxc8 17.O-O-O c4 18.Bc3 cxd3 19.Qh5 Rxc3 20.Nxc3 Bg5+ 21.Kb1 g6 22.Qh3 dxc2+
23.Kxc2 Rf2+ 24.Kb1 Qb6 25.b3 Bf6 26.Rhf1 Nc6 27.Rxf2 Qxf2 28.Qc8+ Kg7 29.Qxb7+ Ne7
30.Rd3 Qe1+ 31.Kc2 Qf2+ 32.Rd2 Qc5 33.Qf3 Nf5 34.Rd7+ Kh6 35.Kd2  1-0

[Event "Asian U20"]
[Site "Tehran IRI"]
[Date "2001.07.16"]
[Round "5"]
[White "Nguyen Thanh Son"]
[Black "Venkatesh,M"]
[Result "1-0"]
[WhiteElo "2404"]
[BlackElo "2356"]

1.e4 c5 2.Nf3 Nc6 3.Nc3 Nf6 4.Bc4 d6 5.d4 cxd4 6.Nxd4 e6 7.Be3 Be7 8.Qe2 a6
9.Bb3 Qc7 10.O-O-O Bd7 11.Kb1 b5 12.Rhe1 b4 13.Na4 O-O 14.Qc4 Qb7 15.Bg5 Na5
16.Qe2 Bb5 17.Qf3 Nc6 18.e5 dxe5 19.Rxe5 Qc7 20.Ree1 Rfd8 21.Bf4 e5 22.Bg3 Nxd4
23.Rxd4 Bd6 24.Rdd1 e4 25.Qe3 Bxg3 26.hxg3 Qc6 27.Rxd8+ Rxd8 28.Qb6 Qd7 29.Rc1 Rc8
30.Nc5 Qd4 31.Bxf7+ Kh8 32.Na4 Qd2 33.Bb3 Rd8 34.a3 Ng4 35.Nc5 Nxf2 36.Nd3 Rf8
37.Qc5 Re8 38.Qxf2 Qh6 39.Ne5  1-0

[Event "Asian U20"]
[Site "Tehran IRI"]
[Date "2001.07.17"]
[Round "7"]
[White "Nguyen Thanh Son"]
[Black "Harikrishna,P"]
[Result "1-0"]
[WhiteElo "2404"]
[BlackElo "2522"]

1.e4 c5 2.Nf3 Nc6 3.Nc3 d6 4.d4 cxd4 5.Nxd4 Nf6 6.Bg5 e6 7.Qd2 a6 8.O-O-O Bd7
9.Kb1 b5 10.Nxc6 Bxc6 11.f3 Be7 12.Bf4 b4 13.Ne2 e5 14.Bg3 a5 15.c4 O-O 16.c5 dxc5
17.Qxd8 Raxd8 18.Rxd8 Rxd8 19.Bxe5 Nd7 20.Bc7 Rc8 21.Bg3 Bf6 22.Nc1 Nb6 23.Ba6 Ra8
24.Be2 Rd8 25.Rd1 Rxd1 26.Bxd1 a4 27.Bf2 Nd7 28.Be2 Be5 29.g3 g5 30.Bd3 Bd6
31.Be2 g4 32.fxg4 Ne5 33.Kc2 Bxe4+ 34.Kd2 Bd5 35.b3 a3 36.Bd1 Be4 37.g5 c4
38.bxc4 Nxc4+ 39.Ke2 Bb1 40.Bb3 Na5 41.Bd5 Be5 42.Bb6 b3 43.Nxb3 Nxb3 44.Bxb3 Kg7
45.Bc5 Bb2 46.Kf3 Kg6 47.Be7 Bc1 48.h4 Bb2 49.Bf8 f6 50.gxf6 Kxf6 51.g4 Bc1
52.Bc5 Bb2 53.Be3 Kg6 54.Bg5 h5 55.gxh5+ Kxh5 56.Bf7+ Bg6 57.Bxg6+ Kxg6 58.Kg4 Bf6
59.h5+ Kf7 60.Be3 Ke6 61.Kf4 Bg7 62.Kg5 Kf7 63.Kf5 Bf6 64.Bf4 Bg7 65.Bg5 Bf8
66.Ke5 Kg7 67.Ke6 Kh7 68.Bc1 Bb4 69.Kd5 Bc3 70.Bxa3 Kh6 71.Kc5 Kxh5 72.Bb4 Bf6
73.a4 Bd8 74.Kb5 Kg6 75.Bc5 Kf7 76.Bb6 Ke8  1-0

[Event "Dutch Open"]
[Site "Dieren NED"]
[Date "2001.07.21"]
[Round "5"]
[White "Van der Veen,Jan"]
[Black "Vink,N"]
[Result "0-1"]
[WhiteElo "2119"]
[BlackElo "2281"]

1.e4 c5 2.Nc3 Nc6 3.Bb5 g6 4.Bxc6 bxc6 5.d3 Bg7 6.Be3 d6 7.Qd2 h5 8.h3 Nf6
9.Nge2 Qc7 10.O-O Ba6 11.b3 Rd8 12.f3 Kf8 13.Rae1 Kg8 14.Qc1 Kh7 15.Nd1 Rhe8
16.c4 Bc8 17.Ndc3 Nd7 18.Rf2 Qa5 19.Kh1 Ne5 20.Rd1 d5 21.f4 Nxd3 22.Rxd3 d4
23.Bd2 dxc3 24.Bxc3 Qxa2 25.Bxg7 Rxd3  0-1

[Event "Dutch Open"]
[Site "Dieren NED"]
[Date "2001.07.21"]
[Round "5"]
[White "Tiviakov,S"]
[Black "Janssen,R"]
[Result "1/2-1/2"]
[WhiteElo "2618"]
[BlackElo "2437"]

1.e4 c5 2.Nc3 Nc6 3.Bb5 Nd4 4.Ba4 e6 5.d3 a6 6.Nf3 b5 7.Bb3 Nxb3 8.axb3 Bb7
9.e5 d6 10.exd6 Bxd6 11.Ne4 Be7 12.Qe2 Nf6 13.O-O O-O 14.Bg5 Rc8 15.Rad1 Nd5
16.Bd2 Qc7 17.c4 Nf4 18.Qe3 e5 19.Ng3 f6 20.Ne2 Nxd3 21.cxb5 axb5 22.Qxd3 e4
23.Qxb5 exf3 24.Bf4 Qc6 25.Nc3 Qxb5 26.Nxb5 fxg2 27.Rfe1 Rfd8 28.Nd6 Bxd6
29.Rxd6 Rxd6 30.Bxd6 Bd5 31.Rc1 Bxb3 32.Rxc5 Rxc5 33.Bxc5 Bd5 34.b4 Kf7 35.Bd6 Ke6
36.Bf8 g6 37.Bc5 Kf5 38.Bd4 h5 39.Bc3 Bf3 40.Bd4 h4 41.Bc3 g5  1/2-1/2

[Event "Heart of Finland Open"]
[Site "Jyvaskyla FIN"]
[Date "2001.07.21"]
[Round "7"]
[White "Seeman,T"]
[Black "Nyback,T"]
[Result "1/2-1/2"]
[WhiteElo "2440"]
[BlackElo "2345"]

1.e4 c5 2.Nf3 Nc6 3.Nc3 d6 4.d4 cxd4 5.Nxd4 e5 6.Nb3 Nf6 7.f3 Be6 8.Be3 d5
9.exd5 Nxd5 10.Nxd5 Qxd5 11.Qxd5 Bxd5 12.O-O-O O-O-O 13.c4 Be6 14.Rxd8+ Kxd8
15.Nc5 Bxc5 16.Bxc5 b6 17.Be3 Kc7 18.Be2 Nd4 19.Bxd4 exd4 20.Rd1 Rd8 21.a3 Bf5
22.Bd3 Bxd3 23.Rxd3 Kc6 24.b4  1/2-1/2

[Event "Heart of Finland Open"]
[Site "Jyvaskyla FIN"]
[Date "2001.07.21"]
[Round "8"]
[White "Seeman,T"]
[Black "Agopov,M"]
[Result "1/2-1/2"]
[WhiteElo "2440"]
[BlackElo "2381"]

1.e4 c5 2.Nf3 Nc6 3.Nc3 e6 4.Bb5 Nd4 5.Bd3 Ne7 6.Nxd4 cxd4 7.Ne2 d5 8.O-O Nc6
9.Nf4 Bd6 10.exd5 Bxf4 11.dxc6 bxc6 12.g3 Bg5 13.Be4 Bb7 14.f4 Be7 15.d3 O-O
16.Bd2 f5 17.Bg2 Qd6 18.Qe2 Bf6 19.Rae1 Rfe8 20.Rf2 Rab8 21.Bc1 c5 22.Bxb7 Rxb7
23.Qf3 Rbe7 24.Rfe2 g6 25.b3 Kg7 26.Bd2 Qa6 27.a4 Qd6 28.Bc1 h6 29.Bd2 Kf7
30.Kf1 Rg8 31.h4 Qb8 32.Qc6 Qc8 33.Qf3 Qa8 34.Qxa8 Rxa8 35.Kg2 Rae8 36.Kf3 Kg7
37.Bc1 Kf7 38.Bd2 a6 39.Bc1 Rc7 40.Bd2 Rb7 41.Ra1 Kg7 42.Rae1 Rbe7 43.Bc1 e5
44.fxe5 Rxe5 45.Rxe5 Rxe5 46.Rxe5 Bxe5 47.Bd2 Bf6 48.Bc1 g5 49.hxg5 hxg5
50.g4 Kg6 51.Bd2 Bd8 52.Be1 Bf6  1/2-1/2

[Event "EuChJun Girls"]
[Site "Patras GRE"]
[Date "2001.07.21"]
[Round "6"]
[White "Matras,A"]
[Black "Kieran,R"]
[Result "1-0"]
[WhiteElo "2218"]
[BlackElo "2083"]

1.e4 c5 2.Nc3 Nc6 3.Bb5 Nd4 4.Bc4 e6 5.Nf3 g6 6.O-O Bg7 7.d3 Ne7 8.Nxd4 cxd4
9.Ne2 d5 10.Bb3 h6 11.f4 dxe4 12.dxe4 O-O 13.Kh1 b6 14.Qd3 a5 15.Rd1 Nc6
16.a4 Ba6 17.Qf3 Qc7 18.Bd2 Rfd8 19.Be1 Bxe2 20.Qxe2 Qxf4 21.Bg3 Qg5 22.Rf1 Rac8
23.Rae1 Qe7 24.e5 Qb4 25.Rf3 d3 26.Rxd3 Rxd3 27.Qxd3 Nxe5 28.Qe2 Nc4 29.Rf1 Bxb2
30.Rf4 Be5 31.Rxc4 Rxc4 32.Qxc4 Qd2 33.Qf1 Bxg3 34.hxg3 Qg5 35.Qf3 Qe5 36.Qf4 Qa1+
37.Kh2 Kg7 38.Qc7 Qd1 39.Bxe6 Qh5+ 40.Bh3 g5 41.Qxb6 Qd1 42.Qb2+ Kg6 43.Qb6+ Kg7
44.g4 Qd2 45.Qc7 Qb4 46.Qc6 Qd2 47.c4  1-0

[Event "Czech Open"]
[Site "Pardubice CZE"]
[Date "2001.07.22"]
[Round "3"]
[White "Hagarova,Z"]
[Black "Kalinitschew,S"]
[Result "0-1"]
[WhiteElo "2342"]
[BlackElo "2483"]

1.e4 c5 2.Nf3 Nc6 3.Nc3 g6 4.d4 cxd4 5.Nxd4 Bg7 6.Be3 Nf6 7.Bc4 Qa5 8.O-O O-O
9.Nb3 Qc7 10.Be2 d6 11.Qd2 Be6 12.f4 Qc8 13.Kh1 Rd8 14.Bf3 Bc4 15.Rfe1 e5
16.Qf2 exf4 17.Bxf4 Ne5 18.Bg5 h6 19.Bxf6 Bxf6 20.Be2 Bg7 21.Bxc4 Qxc4 22.Nd5 Re8
23.Qd2 Ng4 24.c3 Rxe4 25.Rxe4 Qxe4 26.Re1 Qa4 27.h3 Ne5 28.Ne7+ Kh7 29.Qxd6 Qh4
30.Rf1 Qc4 31.Rd1 Qe4 32.Qd2 Qh4 33.Rf1 Re8 34.Nd5 Nc4 35.Qd3 Nxb2 36.Qb5 Re5
37.c4 Rf5 38.Re1 Nd3 39.Qe8 Nxe1  0-1

[Event "3rd Open"]
[Site "Patras GRE"]
[Date "2001.07.22"]
[Round "5"]
[White "Shavtvaladze,N"]
[Black "Balaskas,P"]
[Result "1-0"]
[WhiteElo "2360"]
[BlackElo "2187"]

1.e4 c5 2.Nf3 Nc6 3.Nc3 g6 4.d4 cxd4 5.Nxd4 Bg7 6.Nb3 Nf6 7.Be2 d6 8.O-O h5
9.Re1 Be6 10.Bf1 Ne5 11.h3 Rc8 12.Nd5 a5 13.a4 Bxd5 14.exd5 Qc7 15.Bb5+ Kf8
16.c3 Nc4 17.Bg5 Nxb2 18.Qe2 Nxd5 19.c4 Nb4 20.Bxe7+ Kg8 21.c5 dxc5 22.Bxc5 Kh7
23.Rab1 Na6 24.Bd4 Bxd4 25.Nxd4 Nxa4 26.Bxa4 Qc4 27.Rxb7 Qxd4 28.Rxf7+ Kh6
29.Rd1 Qc5 30.Qxa6 Qc4 31.Qxc4 Rxc4 32.Ra1 Rb8 33.Ra7 Rc5 34.Bd1 Re8 35.Kf1 Ree5
36.h4 g5 37.Ra6+ Kg7 38.hxg5 Rxg5 39.Bf3 h4 40.Rb1 Rge5 41.Rb7+ Kf8 42.Ra8+ Re8
43.Rxe8+ Kxe8 44.Ra7 Kf8 45.Kg1  1-0

[Event "MTO"]
[Site "Biel SUI"]
[Date "2001.07.23"]
[Round "1"]
[White "Solak,D"]
[Black "Allemann,A"]
[Result "1-0"]
[WhiteElo "2486"]
[BlackElo "2154"]

1.e4 c5 2.Nc3 Nc6 3.Bb5 Nd4 4.Bc4 g6 5.Nf3 Bg7 6.Nxd4 cxd4 7.Qf3 e6 8.Nb5 Qb6
9.Qf4 Ke7 10.Nc7 Qc6 11.d3 d6 12.Nxa8 Nf6 13.e5 dxe5 14.Qxe5 Ne8 15.Qe4 Qd7
16.a4 f5 17.Qh4+ Nf6 18.Bf4 h6 19.Be5  1-0

[Event "XXI Open"]
[Site "Cullera ESP"]
[Date "2001.07.23"]
[Round "5"]
[White "Dolezal,C"]
[Black "Jorge Bort,E"]
[Result "0-1"]
[WhiteElo "2392"]
[BlackElo "2197"]

1.e4 c5 2.Nf3 Nc6 3.Nc3 e5 4.Bc4 Be7 5.d3 d6 6.Nd2 Bg5 7.Nd5 Nf6 8.Ne3 Bxe3
9.fxe3 Bg4 10.Nf3 O-O 11.Bd2 a6 12.O-O b5 13.Bd5 Nxd5 14.exd5 Ne7 15.e4 f5
16.h3 Bxf3 17.Qxf3 fxe4 18.Qxf8+ Qxf8 19.Rxf8+ Rxf8 20.dxe4 Ng6 21.g3 Rf7
22.Re1 Nf8 23.Re3 Nd7 24.Ra3 Nf6 25.Rxa6 Nxe4 26.Be1 Rd7 27.a4 b4 28.a5 Kf7
29.Ra8 Nf6 30.a6 Nxd5 31.Rb8 Ne7 32.c3 bxc3 33.Bxc3 Ra7 34.Rb6 Ke6 35.Bd2 Nd5
36.Rb7 Rxa6 37.Rxg7 Ra2 38.Rb7 Nb4 39.Bc3 Nd5 40.Rxh7 Nxc3 41.bxc3 Rc2  0-1

[Event "Czech Open"]
[Site "Pardubice CZE"]
[Date "2001.07.24"]
[Round "5"]
[White "Solovjov,S"]
[Black "Kalinitschew,S"]
[Result "1/2-1/2"]
[WhiteElo "2434"]
[BlackElo "2483"]

1.e4 c5 2.Ne2 Nc6 3.Nbc3 g6 4.d4 cxd4 5.Nxd4 Bg7 6.Be3 Nf6 7.Bc4 Qa5 8.O-O O-O
9.Nd5 Qd8 10.Nxf6+ Bxf6 11.f4 d6 12.e5 Bg7 13.e6 f5 14.Bd5 Qc7 15.c3 Nxd4
16.Bxd4 Bxd4+ 17.cxd4 Qa5 18.Qb3 Rb8 19.Rac1 b5 20.Rc6 Kh8 21.Rc3 Qb6 22.Rd1 Bb7
23.Bxb7 Qxb7 24.d5 Qb6+ 25.Kh1 b4 26.Rc6 Qf2 27.Rc7 Rfe8 28.Qa4 b3 29.Qxa7 Qxa7
30.Rxa7 bxa2 31.Rxa2 Rb5 32.h3 h5 33.Rd4 Rb3 34.Rda4 Kg7 35.R4a3 Rb5 36.Rd3 Rc8
37.b3  1/2-1/2

[Event "3rd Open"]
[Site "Patras GRE"]
[Date "2001.07.24"]
[Round "7"]
[White "Theodorakopoulos,G"]
[Black "Yasin,H"]
[Result "1-0"]
[WhiteElo "2108"]
[BlackElo "2218"]

1.e4 c5 2.Nc3 Nc6 3.Bb5 Nd4 4.Bd3 g6 5.f4 Bg7 6.Nf3 e6 7.Nxd4 cxd4 8.Nb5 d6
9.c3 dxc3 10.dxc3 a6 11.Qa4 Ke7 12.Nd4 Kf8 13.O-O Ne7 14.f5 gxf5 15.exf5 exf5
16.Bg5 Rg8 17.Bh4 Qb6 18.Rae1 Be5 19.Rf2 f6 20.Rfe2 f4 21.Bf2 Qc7 22.Kh1 Bg4
23.h3 Bd7 24.Qc4 Qc8 25.Qxc8+ Rxc8 26.Be4 d5 27.Bc2 Rg7 28.Bb3 Rd8 29.Rd2 Bc8
30.Nf3 Nf5 31.Nxe5 fxe5 32.Rxe5 Ng3+ 33.Kg1 f3 34.Bxd5 Ne2+ 35.Rdxe2 Rxg2+
36.Kh1 Bxh3 37.Bc5+ Kg7 38.Bxf3 Rd1+ 39.Re1 Rxe1+ 40.Rxe1 Rxb2 41.Re2 Rxe2
42.Bxe2 Be6 43.Bd4+ Kf7 44.a3 Ke7 45.Kg2 Kd6 46.Kf3 b5 47.Ke3 Bf7 48.Bb6 h5
49.Kd4 h4 50.Bg4 Bc4 51.Bd8  1-0

[Event "Lasker Mem Open"]
[Site "Barlinek CZE"]
[Date "2001.07.25"]
[Round "9"]
[White "Dobrowolski,A"]
[Black "Bator,R"]
[Result "0-1"]
[WhiteElo "2222"]
[BlackElo "2403"]

1.e4 c5 2.Nf3 Nc6 3.Nc3 g6 4.d4 cxd4 5.Nxd4 Bg7 6.Be3 Nf6 7.Bc4 O-O 8.Bb3 d6
9.f3 Bd7 10.Qd2 Nxd4 11.Bxd4 b5 12.Nd5 Nxd5 13.exd5 a5 14.a3 Bxd4 15.Qxd4 Qc7
16.O-O a4 17.Ba2 Qxc2 18.Rac1 Qf5 19.Rc7 Rfd8 20.Re1 Qf6 21.Qxf6 exf6 22.Re7 Be8
23.Kf2 Rac8 24.Ke3 Rxc7 25.Rxc7 Rb8 26.Kd4 b4 27.axb4 Rxb4+ 28.Kc3 Rb8 29.Bc4 Kf8
30.Ra7 f5 31.Rc7 f4 32.Ra7 h6 33.Rc7 Kg7 34.Re7 Kf6 35.Re4 g5 36.Re1 Bd7
37.Re2 h5 38.h3 g4 39.hxg4 hxg4 40.fxg4 Rg8 41.Ba6 Rxg4 42.Bb7 Rg3+ 43.Kc4 Bf5
44.Rd2 Ke5 45.Bc6 Be4 46.Bxa4 Rxg2 47.Rxg2 Bxg2 48.Kd3 Bxd5 49.Be8 f6 50.Bh5 Be4+
51.Kd2 Kd4 52.Be2 Bg2  0-1

[Event "XXI Open"]
[Site "Cullera ESP"]
[Date "2001.07.25"]
[Round "7"]
[White "Dolezal,C"]
[Black "Carrasco Sagredo,M"]
[Result "1-0"]
[WhiteElo "2392"]
[BlackElo "2059"]

1.Nc3 c5 2.e4 Nc6 3.Nge2 d6 4.d4 cxd4 5.Nxd4 Nf6 6.Be2 e5 7.Nf3 h6 8.h3 Be7
9.Nh2 a6 10.Ng4 b5 11.a4 b4 12.Nxf6+ Bxf6 13.Nd5 Bg5 14.a5 Bxc1 15.Qxc1 Be6
16.Nb6 Ra7 17.Qe3 O-O 18.O-O f5 19.exf5 Rxf5 20.Bg4 Rf6 21.Bxe6+ Rxe6 22.Nd5 Rb7
23.Qb3 Nd4 24.Qc4 Rb5 25.Ne3 d5 26.Qd3 Qg5 27.Kh1 Rd6 28.Rae1 Ne6 29.Ng4 e4
30.Rxe4 dxe4 31.Qxd6 Nf4 32.Qxa6 h5 33.Ne3 Rxa5 34.Qc4+ Kh8 35.Qxb4 Re5 36.Ra1 Kh7
37.Qd4 Ne2 38.Qd2 Nf4 39.b4 Qh4 40.Ra5 Rxa5 41.bxa5 Qg5 42.Qb4 Qe5 43.Qa4 Ne2
44.a6 Qb8 45.Qxe4+ Kh8 46.Qb7 Qe5 47.Qc8+  1-0

[Event "Czech Open"]
[Site "Pardubice CZE"]
[Date "2001.07.25"]
[Round "6"]
[White "Kalinitschew,S"]
[Black "Babula,V"]
[Result "1-0"]
[WhiteElo "2483"]
[BlackElo "2566"]

1.e4 c5 2.Nc3 Nc6 3.Nge2 Nf6 4.g3 d5 5.exd5 Nd4 6.Nxd4 cxd4 7.Nb5 a6 8.Nxd4 e5
9.Qe2 Be7 10.Nb3 Qxd5 11.f3 Bf5 12.d3 Rc8 13.Be3 Rxc2 14.Qxc2 Qxf3 15.Qf2 Qxh1
16.Qxf5 O-O 17.O-O-O Qxh2 18.Qh3  1-0

[Event "Dutch Open"]
[Site "Dieren NED"]
[Date "2001.07.26"]
[Round "9"]
[White "Lahaye,R"]
[Black "Bosch,Je"]
[Result "0-1"]
[WhiteElo "2177"]
[BlackElo "2475"]

1.e4 c5 2.Nf3 Nc6 3.Nc3 e5 4.Bc4 Be7 5.Nd5 Nf6 6.d3 O-O 7.c3 d6 8.a3 Rb8
9.h3 b5 10.Bb3 a5 11.Be3 a4 12.Ba2 Nxd5 13.Bxd5 Na5 14.d4 exd4 15.cxd4 Bb7
16.dxc5 dxc5 17.Bf4 Rc8 18.Bxb7 Nxb7 19.O-O Qxd1 20.Raxd1 Rfd8 21.Ne5 Bd6
22.Rd5 f6 23.Nd3 Be7 24.Be3 f5 25.Rc1 c4 26.Nf4 g5 27.Rxd8+ Bxd8 28.Nd5 fxe4
29.Bd4 Nc5 30.Bxc5 Rxc5 31.Rd1 Rc8 32.Re1 Kg7 33.Rxe4 Bf6 34.Nxf6 Kxf6 35.h4 h6
36.hxg5+ hxg5 37.Rd4 Ke6 38.Rg4 Kf5 39.Rd4 Ke5 40.Rg4 Kf5 41.Rd4 Ke5 42.Rg4 b4
43.Rxg5+ Kf4 44.Rb5 bxa3 45.bxa3 c3 46.f3 Ke3 47.Re5+ Kd3  0-1

[Event "Open"]
[Site "Novosibirsk RUS"]
[Date "2001.07.26"]
[Round "8"]
[White "Solodovnikov,M"]
[Black "Permiakov,V"]
[Result "1/2-1/2"]
[WhiteElo "2189"]
[BlackElo "2345"]

1.e4 c5 2.Nf3 Nc6 3.Nc3 g6 4.d4 cxd4 5.Nxd4 Bg7 6.Be3 Nf6 7.Bc4 Qa5 8.O-O O-O
9.Nb3 Qc7 10.f4 d6 11.Be2 b6 12.Bf3 Bb7 13.Rf2 Na5 14.Nxa5 bxa5 15.Qd3 Bc6
16.Rd1 Rfd8 17.Nd5 Bxd5 18.exd5 Nd7 19.c3 Rab8 20.h4 a4 21.a3 Nb6 22.Bxb6 Rxb6
23.h5 Qc5 24.Kf1 Rdb8 25.Rdd2 Bf6  1/2-1/2

[Event "Keres Mem Open"]
[Site "Tallinn EST"]
[Date "2001.07.26"]
[Round "3"]
[White "Jogi,J"]
[Black "Tsiganova,M"]
[Result "1/2-1/2"]
[WhiteElo "2044"]
[BlackElo "2266"]

1.e4 c5 2.Nf3 Nc6 3.Nc3 d6 4.d4 cxd4 5.Nxd4 Nf6 6.Bc4 e6 7.Be3 a6 8.O-O Be7
9.f4 O-O 10.Qf3 Qc7 11.Bb3 Bd7 12.g4 Nxd4 13.Bxd4 e5 14.fxe5 dxe5 15.Qg3 Bc5
16.Bxc5 Qxc5+ 17.Kh1 Be6 18.Rxf6 gxf6 19.Rf1 Qe7 20.Qh4 Kh8 21.h3 Rad8 22.Nd5 Bxd5
23.Bxd5 Kg7 24.Qf2 b5 25.Qf5 Rd6 26.Qf3 h6 27.Kh2 Qc7 28.c3 Rfd8 29.Kg3 Qb6
30.Kh4 Kf8 31.b3 Ke7 32.c4 bxc4 33.bxc4 Qb2 34.Qf2 Qxf2+ 35.Rxf2 Rb6 36.c5 Rb5
37.Rc2 Rc8 38.c6 Rc7 39.Kh5 Rb8 40.Rc3 Rg8 41.Ra3 Ra7 42.Rb3 Rc7 43.Ra3 Ra7
44.Rb3  1/2-1/2

[Event "Open"]
[Site "Novosibirsk RUS"]
[Date "2001.07.27"]
[Round "9"]
[White "Frolov,D"]
[Black "Bocharov,D"]
[Result "1/2-1/2"]
[WhiteElo "2446"]
[BlackElo "2385"]

1.e4 c5 2.Nf3 Nc6 3.Nc3 d6 4.d4 cxd4 5.Nxd4 Nf6 6.Bc4 Qb6 7.Ndb5 Bg4 8.Nd5 Nxd5
9.Qxg4 Nf6 10.Qe2 a6 11.Nc3 e6 12.O-O Be7 13.Bb3 O-O 14.Be3 Qc7 15.f4 Na5
16.f5 Nxb3 17.axb3 b5 18.fxe6 fxe6 19.Bd4 Qc6 20.Rad1 Rae8 21.Kh1 Nd7 22.Rxf8+ Bxf8
23.Rf1 b4 24.Na4 e5 25.Bf2 Nf6 26.Re1 d5 27.exd5 Nxd5 28.Qc4 Qe6 29.Nb6 Nxb6
30.Bxb6 Kh8 31.Qxe6 Rxe6 32.Bd4 Rc6 33.Bxe5 Rxc2 34.h3 Kg8 35.Kh2 Bc5 36.Rd1 Re2
37.Bd6 Bxd6+ 38.Rxd6 Rxb2 39.Rxa6 Rxb3 40.Rb6 h6 41.Rb7 Kh7 42.Rb6 Kg8 43.Rb7 Kf8
44.h4 Kg8 45.h5 Kf8 46.g3 Rb1 47.Kh3 b3  1/2-1/2

[Event "Open"]
[Site "Korinthos GRE"]
[Date "2001.07.29"]
[Round "2"]
[White "Petraki,M"]
[Black "Rychagov,A"]
[Result "0-1"]
[WhiteElo "2071"]
[BlackElo "2505"]

1.e4 c5 2.Nc3 Nc6 3.Bb5 Qc7 4.Bxc6 Qxc6 5.Qe2 g6 6.f4 Bg7 7.Nf3 d6 8.d3 b5
9.O-O b4 10.Nd1 Nf6 11.Ne3 O-O 12.Qf2 Ng4 13.Nxg4 Bxg4 14.Qh4 Bxf3 15.Rxf3 f5
16.Rh3 h6 17.e5 Qd5 18.Be3 Rae8 19.b3 dxe5 20.fxe5 f4 21.Bf2 Rf5 22.Qg4 Kh7
23.Re1 Rxe5 24.Rxe5 Qxe5 25.Qd1 g5 26.d4 cxd4 27.Qd3+ Kg8 28.Qc4+ e6 29.Rd3 Qe4
30.Qxb4 Kh7 31.Rd1 Qf5 32.Re1 Rc8 33.Re2 Rxc2  0-1

[Event "Zhong Hong Real Estate Cup"]
[Site "Beijing CHN"]
[Date "2001.07.30"]
[Round "11"]
[White "Zhang Pengxiang"]
[Black "Ni Hua"]
[Result "1/2-1/2"]
[WhiteElo "2487"]
[BlackElo "2568"]

1.e4 c5 2.Nf3 Nc6 3.Nc3 g6 4.d4 cxd4 5.Nxd4 Bg7 6.Be3 Nf6 7.Bc4 O-O 8.Bb3 a5
9.f3 d5 10.Bxd5 Nxd5 11.Nxd5 f5 12.Nxc6 bxc6 13.Nb6 Rb8 14.Qxd8 Rxd8 15.Rd1 Rxd1+
16.Kxd1 fxe4 17.Nxc8 Rxc8 18.b3 exf3 19.gxf3 Kf7 20.Ke2 Be5 21.a4 Ke6 22.Bb6 Ra8
23.Kd3 Bd6 24.Bf2 Rf8 25.Ke2 Rf5 26.h4 Re5+ 27.Kd3 Rd5+ 28.Ke2 Re5+ 29.Kd3 Rd5+
30.Ke2 Re5+  1/2-1/2

[Event "Valoz Cup"]
[Site "Olomouc CZE"]
[Date "2001.08.02"]
[Round "1"]
[White "Llaneza Vega,P"]
[Black "Calzetta,M"]
[Result "1-0"]
[WhiteElo "2198"]
[BlackElo "2308"]

1.e4 c5 2.Nc3 Nc6 3.Nge2 g6 4.g3 Bg7 5.Bg2 e6 6.d3 d6 7.O-O Nge7 8.Be3 Nd4
9.Qd2 Qa5 10.Rae1 Nec6 11.Bh6 O-O 12.Bxg7 Kxg7 13.f4 Bd7 14.g4 f5 15.exf5 gxf5
16.Ng3 Kh8 17.g5 Ne7 18.Nh5 Bc6 19.Re3 Rf7 20.Qf2 Qb6 21.Nd1 Bxg2 22.Qxg2 Nd5
23.Rh3 Rg8 24.c3 Nc6 25.Kh1 Nce7 26.Qe2 Qc6 27.Kg1 Rg6 28.Rg3 b5 29.c4 Nc7
30.Nf6 a6 31.Qe1 Ne8 32.Qxe6 Rfg7 33.Qe3 bxc4 34.dxc4  1-0

[Event "Mipap Cup"]
[Site "Olomouc CZE"]
[Date "2001.08.03"]
[Round "3"]
[White "Brustkern,J"]
[Black "Balabaev,F"]
[Result "1-0"]
[WhiteElo "2273"]
[BlackElo "2167"]

1.e4 c5 2.Nc3 Nc6 3.Bb5 e6 4.Nf3 Nge7 5.O-O Nd4 6.Nxd4 cxd4 7.Ne2 a6 8.Ba4 b5
9.Bb3 Qb6 10.d3 Ng6 11.f4 Be7 12.Ng3 Bb7 13.Bd2 a5 14.a4 b4 15.Kh1 Rc8 16.Qg4 f5
17.exf5 Qc6 18.Rf2 exf5 19.Nxf5 Bf6 20.Re2+ Kd8 21.Ng3 Nh4 22.Ne4 h5 23.Qh3 g6
24.Bd5 Qxd5 25.Nxf6 Qf5 26.Qxh4 Rxc2 27.Ne4+ Kc7 28.Qe1 h4 29.h3 Kb6 30.b3 Re8
31.Kh2 Re6 32.Qf2 Qd5 33.Rb1 Ba6 34.Qf3 Qf5 35.Rbe1 Rec6 36.Qf2 Qd5 37.Qf3 Qxb3
38.Qf2 Qxd3 39.Qxh4 Bb7 40.Qd8+ Rc7 41.Nd6 Rxd2 42.Rxd2 Qxd2 43.Nc4+  1-0

[Event "Nordic Championships"]
[Site "Bergen NOR"]
[Date "2001.08.04"]
[Round "1"]
[White "Matras,A"]
[Black "Georgiev,Vl"]
[Result "0-1"]
[WhiteElo "2218"]
[BlackElo "2584"]

1.e4 c5 2.Nc3 Nc6 3.Bb5 Nd4 4.Bc4 e6 5.Nf3 Ne7 6.Nxd4 cxd4 7.Ne2 Nc6 8.d3 Bc5
9.O-O O-O 10.Bd2 f5 11.exf5 d5 12.Bb3 Rxf5 13.Ng3 Rf7 14.Qh5 g6 15.Qe2 Bd7
16.c4 dxc3 17.bxc3 Qh4 18.Rab1 Raf8 19.d4 Bd6 20.Bd1 Na5 21.Qg4 Qxg4 22.Bxg4 Bf4
23.Bxf4 Rxf4 24.Be2 Kf7 25.Bd3 Ke7 26.f3 Kd6 27.Ne2 R4f7 28.h4 Rc8 29.Kf2 Be8
30.Rfe1 Rf6 31.Kg3 b6 32.Ba6 Rc7 33.Rbc1 h6 34.Nf4 Rg7 35.Nd3 g5 36.hxg5 Rxg5+
37.Kf2 Nc6 38.Bb5 Bg6 39.Re3 Bxd3 40.Rxd3 e5 41.Bxc6 e4 42.Re3 Kxc6 43.c4 exf3
44.Rxf3 Rxf3+ 45.gxf3 dxc4 46.Rxc4+ Kd6 47.Rc2 Ra5 48.Ke3 Kd5 49.Rd2 Ra4
50.f4 Ra3+ 51.Kf2 b5 52.f5 b4 53.Kg2 Rc3 54.f6 Rc7 55.Re2 Rf7 56.Re7 Rxf6
57.Rxa7 Kxd4 58.Kg3 Kc4 59.Kg2 Kb5 60.a4+ Kc4  0-1

[Event "Open"]
[Site "Korinthos GRE"]
[Date "2001.08.04"]
[Round "8"]
[White "Petraki,M"]
[Black "Stiri,A"]
[Result "1-0"]
[WhiteElo "2071"]
[BlackElo "2148"]

1.e4 c5 2.Nc3 Nc6 3.Bb5 Nd4 4.Bc4 g6 5.Nge2 Bg7 6.Nxd4 cxd4 7.Ne2 e6 8.d3 Ne7
9.O-O O-O 10.f3 b6 11.Qe1 d5 12.Bb3 Kh8 13.Qh4 dxe4 14.fxe4 Nc6 15.Bg5 f6
16.Bh6 Na5 17.e5 Bxh6 18.Qxh6 Nxb3 19.axb3 Bb7 20.exf6 Rxf6 21.Rxf6 Qxf6
22.Rf1 Qd8 23.Rf7  1-0